Tour de Hongrie 2024 – érintett települések - Statistics

General Stats
  • This quiz has been taken 7 times
  • The average score is 7 of 84
Answer Stats
Szakasz Település % Correct
Negyedik szakasz Budapest
57%
Harmadik szakasz Eger
43%
Ötödik szakasz [GPM] [cél] Pécs
43%
Harmadik szakasz Bélapátfalva
29%
Második szakasz Dédestapolcsány
29%
Negyedik szakasz Érd
29%
Második [SPR] [cél] és harmadik szakasz [rajt] Kazincbarcika
29%
Harmadik szakasz Mónosbél
29%
Harmadik szakasz Nagyvisnyó
29%
Harmadik szakasz Szarvaskő
29%
Harmadik szakasz [SPR] Szilvásvárad
29%
Második [GPM] és harmadik szakasz Tardona
29%
Harmadik szakasz Abasár
14%
Második szakasz Aszaló
14%
Második szakasz Csobád
14%
Harmadik szakasz Domoszló
14%
Második szakasz [SPR] Edelény
14%
Második szakasz Encs
14%
Második szakasz Forró
14%
Harmadik szakasz [GPM] [cél] Gyöngyös (Kékestető)
14%
Harmadik szakasz [SPR] Gyöngyös (Mátrafüred)
14%
Harmadik szakasz [GPM] Gyöngyös (Mátraháza)
14%
Első szakasz [rajt] Karcag
14%
Harmadik szakasz Kisnána
14%
Harmadik szakasz Markaz
14%
Negyedik szakasz [SPR] Martonvásár
14%
Harmadik szakasz Pálosvörösmart
14%
Ötödik szakasz [rajt] Siófok
14%
Második szakasz [SPR] Szikszó
14%
Második szakasz Tarcal
14%
Negyedik szakasz Tárnok
14%
Második szakasz [rajt] Tokaj
14%
Második szakasz Abaújkér
0%
Negyedik szakasz Alcsútdoboz
0%
Második szakasz Alsóvadász
0%
Második szakasz Bánhorváti
0%
Negyedik szakasz Biatorbágy
0%
Negyedik szakasz Bicske
0%
Második szakasz Bodrogkeresztúr
0%
Második szakasz Bodrogkisfalud
0%
Második szakasz Damak
0%
Harmadik szakasz Egerbakta
0%
Második szakasz [GPM] Erdőbénye
0%
Negyedik szakasz [GPM] [cél] Etyek
0%
Negyedik szakasz Felcsút
0%
Ötödik szakasz Felsőegerszeg (Felsőegerszegpuszta)
0%
Második szakasz Gibárd
0%
Negyedik szakasz Gyúró
0%
Első szakasz [SPR] [cél] Hajdúszoboszló
0%
Második szakasz Hegymeg
0%
Második szakasz Homrogd
0%
Első szakasz Hortobágy
0%
Ötödik szakasz Iregszemcse
0%
Ötödik szakasz [SPR] Kaposszekcső
0%
Ötödik szakasz Kocsola
0%
Első szakasz Kunmadaras
0%
Második szakasz Lak
0%
Ötödik szakasz Magyarhertelend
0%
Ötödik szakasz Magyarszék
0%
Második szakasz Nagybarca
0%
Első szakasz Nagyhegyes
0%
Ötödik szakasz Nagykónyi
0%
Ötödik szakasz [SPR] Orfű
0%
Ötödik szakasz Oroszló
0%
Harmadik szakasz Parád
0%
Harmadik szakasz Recsk
0%
Ötödik szakasz Ságvár
0%
Második szakasz Sajóivánka
0%
Második szakasz Sajószentpéter (Dusnokpuszta)
0%
Ötödik szakasz Sásd
0%
Harmadik szakasz Sirok
0%
Ötödik szakasz Som
0%
Negyedik szakasz Sóskút
0%
Második szakasz Szegi
0%
Második szakasz Szegilong
0%
Ötödik szakasz [SPR] Tamási
0%
Harmadik szakasz Tarnaszentmária
0%
Első szakasz [SPR] Tiszafüred
0%
Első szakasz Tiszaszentimre
0%
Első szakasz Tiszaszőlős
0%
Második szakasz Tomor
0%
Negyedik szakasz Tordas
0%
Második szakasz Vadna
0%
Ötödik szakasz Vásárosdombó
0%
No matching quizzes found
Score Distribution
Percent of People with Each Score
Percentile by Number Answered
Your Score History
You have not taken this quiz